| 000 | 00428cam a2200181ua 4500 | ||
|---|---|---|---|
| 020 | _c7.50 | ||
| 041 |
_ahin _h |
||
| 082 |
_a891.54 _bILA/JA |
||
| 100 | _aIlachandra, Joshi . | ||
| 245 |
_aJahaj ka panchi / _cIlachandra Joshi. _hTextual Documents |
||
| 250 |
_a1 / _b. |
||
| 260 |
_aDelhi : _bRajkamal Prakash , _c1956. |
||
| 300 | _a475 ; . | ||
| 365 | _a7.50 | ||
| 504 | _a | ||
| 942 | _cBK | ||
| 999 |
_c8207 _d8207 |
||